[Event "Karposh Open 2012"]
[Site "Skopje MKD"]
[Date "2012.04.09"]
[Round "4.24"]
[White "Saric,S"]
[Black "Vladimirov,V MKD"]
[Result "1-0"]
[WhiteElo "2480"]
[BlackElo "2162"]

1.d4 d6 2.c4 g6 3.e4 Bg7 4.Nf3 Nf6 5.Nc3 O-O 6.Be2 e5 7.Be3 Ng4 8.Bg5 f6
9.Bc1 Nc6 10.h3 exd4 11.Nxd4 Nge5 12.Nxc6 Nxc6 13.Be3 Be6 14.Qd2 Qd7 15.Rd1 Qf7
16.Nd5 f5 17.exf5 Bxf5 18.O-O Kh8 19.b4 Rfe8 20.Rfe1 b6 21.c5 dxc5 22.Bb5 Re6
23.bxc5 a6 24.Bxc6 Rxc6 25.cxb6 cxb6 26.Nxb6 Re8 27.Bd4 Rb8 28.Rc1 Rxc1 29.Rxc1 Qe6
30.Bxg7+ Kxg7 31.Rc7+  1-0

[Event "Karposh Open 2012"]
[Site "Skopje MKD"]
[Date "2012.04.11"]
[Round "6.11"]
[White "Likavsky,T"]
[Black "Damljanovic,B"]
[Result "1-0"]
[WhiteElo "2486"]
[BlackElo "2582"]

1.d4 Nf6 2.c4 g6 3.Nc3 Bg7 4.e4 d6 5.Nf3 O-O 6.Be2 e5 7.O-O c6 8.Be3 exd4
9.Bxd4 Re8 10.Qc2 Nbd7 11.Rad1 Qe7 12.Rfe1 a6 13.h3 b5 14.b4 Bb7 15.Bf1 Rac8
16.Qb3 Bf8 17.e5 Nxe5 18.Bxe5 dxe5 19.c5 Qc7 20.g3 e4 21.Ng5 e3 22.f4 h6
23.Nf3 Re6 24.Bg2 Rce8 25.Ne5 Rxe5 26.fxe5 Qxe5 27.Ne2 h5 28.Rd3 Nd5 29.Nf4 Nxf4
30.gxf4 Qxf4  1-0

[Event "Karposh Open 2012"]
[Site "Skopje MKD"]
[Date "2012.04.11"]
[Round "6.37"]
[White "Andonovski,L"]
[Black "Okilj,T"]
[Result "1-0"]
[WhiteElo "2291"]
[BlackElo "2083"]

1.d4 Nf6 2.c4 g6 3.Nc3 Bg7 4.e4 d6 5.Be2 O-O 6.Nf3 e5 7.Be3 Ng4 8.Bg5 f6
9.Bh4 g5 10.Bg3 Nh6 11.dxe5 fxe5 12.Qd2 Nf7 13.h4 g4 14.Nh2 h5 15.f3 Bh6
16.Qd3 Na6 17.fxg4 Nb4 18.Qd1 Bf4 19.Bxf4 exf4 20.g5 Ne5 21.a3 Nbc6 22.Bxh5 Be6
23.b3 Kg7 24.Nd5  1-0

[Event "2nd Invitational"]
[Site "Saint Louis USA"]
[Date "2012.04.12"]
[Round "7"]
[White "Arnold,Mar"]
[Black "Brooks,M"]
[Result "1-0"]
[WhiteElo "2502"]
[BlackElo "2456"]

1.d4 Nf6 2.Nf3 d6 3.c4 Nbd7 4.Nc3 e5 5.e4 g6 6.Be2 Bg7 7.O-O O-O 8.Be3 Re8
9.d5 Nh5 10.g3 Ndf6 11.Nd2 Qd7 12.f3 Qh3 13.Rf2 Nxg3 14.hxg3 Ng4 15.fxg4 Qxg3+
16.Kh1 Qxe3 17.Rg2 Bh6 18.Nf3 Bf4 19.Qg1 Qxg1+ 20.Raxg1 a6 21.Ne1 Bd7 22.Rf1 Kg7
23.Nd1 c6 24.Nd3 cxd5 25.exd5 Bg5 26.Nc3 Be7 27.Ne4 b6 28.b4 a5 29.c5 axb4
30.cxd6 Bd8 31.Rgf2 f5 32.gxf5 gxf5 33.Rg2+ Kh8 34.Bh5 Rg8 35.Rxg8+ Kxg8
36.Nxe5 fxe4 37.Rg1+  1-0

[Event "Sydney International Open"]
[Site "Parramatta AUS"]
[Date "2012.04.14"]
[Round "8.5"]
[White "Karthikeyan,P2"]
[Black "Ly,Mo"]
[Result "1-0"]
[WhiteElo "2414"]
[BlackElo "2402"]

1.d4 Nf6 2.c4 g6 3.Nc3 Bg7 4.e4 d6 5.Nf3 O-O 6.Be2 e5 7.O-O Nbd7 8.Re1 a6
9.Bf1 c6 10.a4 exd4 11.Nxd4 a5 12.Bf4 Ne5 13.Qd2 Nfd7 14.Bg5 Qc7 15.f4 Ng4
16.h3 Qb6 17.Rad1 Nc5 18.Kh1 Nf6 19.Nf3 Re8 20.Qxd6 Be6 21.f5 Rad8 22.Qf4 Rxd1
23.Nxd1 Nh5 24.Qh4 Bc8 25.g4 h6 26.Be3 Nf6 27.e5 g5 28.Bxg5 hxg5 29.Nxg5 Ncd7
30.exf6 Nxf6 31.Rxe8+ Nxe8 32.Qe1 Qd8 33.Nf3 b6 34.b3 Nd6 35.Nf2 c5 36.Bg2 Bf6
37.Qd2 Bb7 38.Ne1 Qe7 39.Bxb7 Qxb7+ 40.Qd5 Qxd5+ 41.cxd5 Bd4 42.Kg2 c4 43.bxc4 Nxc4
44.Nfd3 Kf8 45.Kf3 Ke7 46.Ke4 Bc3 47.g5 Nd6+ 48.Kf4 Bd2+ 49.Kg4 b5 50.f6+ Ke8
51.axb5 Nxb5 52.h4 Nc7 53.Nf3 Be3 54.d6 Ne6 55.h5 Nf8 56.Nfe5 Nh7 57.Nf4 Bd4
58.d7+ Kd8 59.Nc6+ Kxd7 60.Nxd4  1-0

[Event "Karposh Open 2012"]
[Site "Skopje MKD"]
[Date "2012.04.14"]
[Round "9.21"]
[White "Koksal,E"]
[Black "Saric,S"]
[Result "0-1"]
[WhiteElo "2154"]
[BlackElo "2480"]

1.d4 Nf6 2.Nf3 g6 3.c4 Bg7 4.Nc3 O-O 5.e4 d6 6.Be2 Na6 7.O-O e5 8.Be3 Ng4
9.Bg5 Qe8 10.h3 h6 11.Bh4 Nf6 12.dxe5 dxe5 13.Bxf6 Bxf6 14.Nd5 Bg7 15.c5 c6
16.Bxa6 cxd5 17.Qxd5 Qe7 18.Bb5 Rd8 19.Qc4 g5 20.Qc3 h5 21.Rad1 Be6 22.Bc4 Bxc4
23.Qxc4 g4 24.hxg4 hxg4 25.Nh2 Rd4 26.Rxd4 exd4 27.Nxg4 Qxe4 28.Nh2 Re8 29.Nf3 Qe2
30.Qb4 Qa6 31.Rd1 Re4 32.a4 Rg4 33.Qb5 Qg6 34.Ne1 Qh5 35.Qxb7 Rh4 36.f3 Rh1+
37.Kf2 Qxc5 38.Rd3 Bh6 39.Qb8+ Kh7 40.Qb3 Be3+ 41.Ke2 Qe7 42.Rd1 Bg5+ 43.Kd3 Qe3+
44.Kc2 Qxb3+ 45.Kxb3 d3 46.Rxd3 Rxe1 47.Rd4 Re7 48.Rd3 Kg6 49.Kc4 Re2 50.b4 Rxg2
51.Kb5 Rb2 52.Rd4 Be3 53.Rc4 f5 54.Ka6 Kg5 55.b5 Ra2 56.Kb7 Ra3 57.Kc6 Bb6
58.Kd5 Rxf3  0-1

[Event "Karposh Open 2012"]
[Site "Skopje MKD"]
[Date "2012.04.14"]
[Round "9.11"]
[White "Antic,De"]
[Black "Pancevski,F"]
[Result "1-0"]
[WhiteElo "2513"]
[BlackElo "2470"]

1.d4 Nf6 2.c4 g6 3.Nc3 Bg7 4.e4 O-O 5.Nf3 d6 6.Be2 e5 7.O-O Nbd7 8.Be3 Ng4
9.Bg5 f6 10.Bd2 Nh6 11.Qc2 c6 12.Rad1 Qe7 13.Rfe1 Kh8 14.Bf1 a5 15.h3 Nf7
16.Be3 Ng5 17.Nxg5 fxg5 18.d5 c5 19.a3 Nb8 20.b4 axb4 21.axb4 b6 22.Na4 Nd7
23.Rb1 Ra6 24.Be2 h5 25.Nc3 Ra8 26.bxc5 bxc5 27.Ra1 Rxa1 28.Rxa1 Nb8 29.Ra8 Na6
30.Nb5 Nb4 31.Qd2 Bf6 32.Ra7 Qd8 33.h4 gxh4 34.Bxc5 Bg5 35.Be3 Bxe3 36.Qxe3 g5
37.c5 Nc2 38.Qd2 Qf6 39.Bxh5 h3 40.Qxc2  1-0

[Event "Karposh Open 2012"]
[Site "Skopje MKD"]
[Date "2012.04.14"]
[Round "9.23"]
[White "Drenchev,P"]
[Black "Veleski,R"]
[Result "1-0"]
[WhiteElo "2499"]
[BlackElo "2267"]

1.Nf3 Nf6 2.c4 g6 3.Nc3 Bg7 4.e4 d6 5.d4 O-O 6.Be2 e5 7.d5 a5 8.Bg5 h6 9.Bh4 Na6
10.Nd2 Bd7 11.O-O Nc5 12.Qc2 Qe8 13.b3 Nh7 14.a3 Bf6 15.Bxf6 Nxf6 16.b4 Na6
17.Qb2 axb4 18.axb4 c5 19.dxc6 bxc6 20.c5 Nc7 21.Rxa8 Qxa8 22.cxd6 Nce8 23.Nc4 Be6
24.Rd1 Nd7 25.Na5 Nef6 26.Qa1 Rb8 27.Qa4 c5 28.Nc6 Bb3 29.Ne7+ Kg7 30.Qxb3 cxb4
31.Nb5 Qxe4 32.Bf3 Nc5 33.Bxe4 Nxb3 34.Bc6 Na5 35.d7 Rd8 36.Ra1 Nxc6 37.Nxc6 Rxd7
38.Nxb4 Rd2 39.Nc3 Ng4 40.Ra2 Rd4 41.Nbd5 e4 42.h3 Ne5 43.Re2 f5 44.f3 g5
45.fxe4 f4 46.Ra2 f3 47.Ra7+ Kg6 48.Re7 Rd2 49.Rxe5 Rxg2+ 50.Kf1 Rh2 51.Rf5 Rxh3
52.Kf2 Rh2+ 53.Kxf3  1-0

[Event "TCh-SUI National A 2012"]
[Site "Switzerland SUI"]
[Date "2012.04.15"]
[Round "2.5"]
[White "Grandadam,N"]
[Black "Weindl,A"]
[Result "1-0"]
[WhiteElo "2361"]
[BlackElo "2339"]

1.Nf3 Nf6 2.c4 g6 3.Nc3 Bg7 4.e4 d6 5.d4 O-O 6.Be2 e5 7.O-O Nbd7 8.Qc2 Re8
9.Be3 Ng4 10.Bg5 f6 11.Bh4 Nh6 12.Rfd1 Nf7 13.Rab1 h5 14.h3 c6 15.b4 g5 16.Bg3 g4
17.hxg4 hxg4 18.Nh2 exd4 19.Rxd4 f5 20.Rdd1 Qf6 21.Rb3 Nde5 22.exf5 Bxf5
23.Qc1 Qg6 24.Ra3 Re6 25.Bf1 Nd3 26.Bxd3 Bxd3 27.Nd5 cxd5 28.cxd5 Re4 29.Raxd3 Rxb4
30.Rb3 Rxb3 31.axb3 Re8 32.Qc4 Qe4 33.Qc7 Qb4 34.Qd7 Re4 35.Rc1 Re1+ 36.Rxe1 Qxe1+
37.Nf1 Qb4 38.Qc8+ Kh7 39.Qc2+ Kg8 40.Ne3 Qd4 41.Qc8+ Kh7 42.Qxb7  1-0

[Event "14th Dubai Open 2012"]
[Site "Dubai UAE"]
[Date "2012.04.19"]
[Round "5.13"]
[White "Volkov,Sergey1"]
[Black "Nitin,S"]
[Result "1/2-1/2"]
[WhiteElo "2623"]
[BlackElo "2420"]

1.d4 Nf6 2.c4 g6 3.Nc3 Bg7 4.e4 d6 5.Be2 O-O 6.Nf3 e5 7.Be3 exd4 8.Nxd4 Re8
9.f3 c6 10.Bf2 d5 11.exd5 cxd5 12.O-O Nc6 13.c5 Re5 14.Re1 Qf8 15.Ncb5 Bd7
16.Bf1 Nh5 17.Qd2 Rae8 18.b4 Bf6 19.Rxe5 Rxe5 20.Rd1 Bg5 21.Qb2 Qe7 22.Nxc6 bxc6
23.Nxa7 Be3 24.b5 Qxc5 25.Nxc6 Bxc6 26.bxc6 Bxf2+ 27.Qxf2 Qxc6 28.Qd4 Qc7
29.a4 Ng7 30.a5 Rh5 31.a6 Nf5 32.a7 Qxh2+ 33.Kf2 Qg3+ 34.Kg1 Qh2+ 35.Kf2 Qg3+
36.Kg1  1/2-1/2

[Event "14th Dubai Open 2012"]
[Site "Dubai UAE"]
[Date "2012.04.21"]
[Round "6.17"]
[White "Evdokimov,Alexa"]
[Black "Vishnu,P"]
[Result "0-1"]
[WhiteElo "2555"]
[BlackElo "2406"]

1.d4 Nf6 2.c4 g6 3.Nc3 Bg7 4.e4 d6 5.Nf3 O-O 6.Be2 e5 7.Be3 Ng4 8.Bg5 f6
9.Bh4 Nc6 10.d5 Ne7 11.Nd2 Nh6 12.f3 c5 13.Rb1 g5 14.Bf2 f5 15.b4 b6 16.O-O Ng6
17.bxc5 bxc5 18.Qa4 Nf7 19.Rb3 Nf4 20.Rfb1 g4 21.fxg4 Bd7 22.Qa3 fxg4 23.Be3 Bh6
24.Nf1 Ng5 25.Qc1 Nxe4 26.Qd1 Nxc3 27.Rxc3 Qf6 28.Bxg4 Qg6 29.h3 Bxg4 30.hxg4 Ne2+
31.Qxe2 Bxe3+ 32.Nxe3 Qxb1+ 33.Kh2 Qe4 34.Qe1 Rf6  0-1

[Event "14th Dubai Open 2012"]
[Site "Dubai UAE"]
[Date "2012.04.21"]
[Round "7.9"]
[White "Ezat,M"]
[Black "Andriasian,Z"]
[Result "0-1"]
[WhiteElo "2441"]
[BlackElo "2616"]

1.d4 Nf6 2.Nf3 g6 3.c4 Bg7 4.Nc3 O-O 5.e4 d6 6.Be2 Nbd7 7.O-O e5 8.Qc2 exd4
9.Nxd4 Re8 10.Be3 Qe7 11.f3 c6 12.Bf2 Nc5 13.Rad1 Nh5 14.Qd2 f5 15.exf5 gxf5
16.Rfe1 Be5 17.b4 Na6 18.b5 Nb8 19.g3 Qg7 20.bxc6 bxc6 21.Kh1 f4 22.gxf4 Bxf4
23.Qc2 Qh6 24.Rg1+ Kh8 25.Nf5 Bxf5 26.Qxf5 Ng7 27.Qxf4 Qxf4 28.Bd4 Re7 29.Rg4 Qh6
30.Ne4 Nd7 31.Nxd6 Rf8 32.Rg2 Ne5 33.c5 Ng6 34.Bc4 Rf4 35.Ba1 Rxc4 36.Nxc4 Kg8
37.Nd6 Qf4 38.Ne4 Qxf3 39.Rd8+ Ne8  0-1

[Event "Russian Junior Girls 2012"]
[Site "Sochi RUS"]
[Date "2012.04.21"]
[Round "5"]
[White "Goryachkina,A"]
[Black "Balaian,Ali"]
[Result "1-0"]
[WhiteElo "2341"]
[BlackElo "2203"]

1.d4 Nf6 2.c4 g6 3.Nc3 Bg7 4.e4 d6 5.Nf3 O-O 6.Be2 e5 7.Be3 Ng4 8.Bg5 f6
9.Bh4 Nd7 10.d5 Nh6 11.Nd2 a5 12.a3 Nc5 13.b4 axb4 14.axb4 Rxa1 15.Qxa1 Nxe4
16.Ndxe4 g5 17.Bg3 f5 18.Nd2 f4 19.Nce4 fxg3 20.hxg3 Nf5 21.Qb1 h6 22.Bd3 Nd4
23.Nf1 Bf5 24.Ne3 Qd7 25.Nxf5 Qxf5 26.c5 g4 27.O-O Qh5 28.cxd6 cxd6 29.Nxd6 e4
30.Nxe4 Qxd5 31.Rc1 Kh8 32.Rc5 Qd7 33.Bf1 Ne6 34.Rc2 Bd4 35.Rd2 Qc7 36.Qd1 Qg7
37.Bc4 Ra8 38.Bxe6 Ra1 39.Qxa1 Bxf2+ 40.Kxf2 Qxa1 41.Bxg4 Qa7+ 42.Nc5 Qb6
43.Rd4 Qf6+ 44.Rf4 Qb2+ 45.Kg1 h5 46.Bxh5 b6 47.Nd7 b5 48.Nc5 Kh7 49.Bf3 Kh6
50.Bc6 Qe2 51.Re4 Qd1+ 52.Kh2 Qf1 53.Ne6 Qa1 54.Bxb5 Kg6 55.Nf4+ Kf5 56.Bd3 Qh8+
57.Nh3 Kf6 58.b5 Qb8 59.Rh4 Ke5 60.Be2 Kf5 61.Bf3 Kg6 62.Nf4+ Kg5 63.Rh5+ Kf6
64.b6 Kg7 65.b7 Kf6 66.Rh6+ Kg5 67.Rc6 Qh8+ 68.Nh3+ Kf5 69.Rc8  1-0

[Event "14th Dubai Open 2012"]
[Site "Dubai UAE"]
[Date "2012.04.22"]
[Round "8.26"]
[White "Mirzoeva,E"]
[Black "Petrosian,DG"]
[Result "0-1"]
[WhiteElo "2258"]
[BlackElo "2463"]

1.d4 Nf6 2.c4 g6 3.Nc3 Bg7 4.e4 d6 5.Nf3 O-O 6.Be2 e5 7.Be3 h6 8.h3 exd4
9.Nxd4 Re8 10.Bf3 Nbd7 11.O-O a6 12.Re1 c5 13.Nb3 Ne5 14.Be2 Be6 15.Nd2 Rb8
16.f4 Nc6 17.Bf3 Nd7 18.Bg4 Bxg4 19.Qxg4 b5 20.cxb5 axb5 21.Rad1 Nd4 22.Bf2 Nf6
23.Qh4 Nh5 24.Qxd8 Rbxd8 25.Nd5 Nc2 26.Re2 Nb4 27.Nxb4 Nxf4 28.Re3 cxb4 29.Rb3 d5
30.Re1 dxe4 31.Rxe4 Ne2+ 32.Kh1 Rxe4 33.Nxe4 f5 34.Nc5 Rd1+ 35.Kh2 Be5+ 36.g3 Rd2
37.Rd3  0-1

[Event "TCh-HUN 2011-12"]
[Site "Mako HUN"]
[Date "2012.04.22"]
[Round "9"]
[White "Kerek,C"]
[Black "Csirik,A"]
[Result "1/2-1/2"]
[WhiteElo "2348"]
[BlackElo "2304"]

1.d4 Nf6 2.c4 g6 3.Nc3 Bg7 4.e4 d6 5.Nf3 O-O 6.Be2 e5 7.dxe5 dxe5 8.Qxd8 Rxd8
9.Bg5 Re8 10.Nd5 Nxd5 11.cxd5 c6 12.Bc4 cxd5 13.Bxd5 Nc6 14.O-O-O Be6 15.Bxe6 Rxe6
16.Rd7 Rc8 17.Kb1 b6 18.Rhd1 h6 19.Be3 Re7 20.Rxe7 Nxe7 21.Rd7 Nc6 22.a3 Kf8
23.b4 Ke8 24.Rb7 Ra8 25.Nd2 Nd8 26.Rc7 Ne6 27.Rb7 Nd8 28.Rc7  1/2-1/2

[Event "TCh-HUN 2011-12"]
[Site "Nagykanizsa HUN"]
[Date "2012.04.22"]
[Round "9"]
[White "Hujbert,F"]
[Black "Markus,Rob"]
[Result "1/2-1/2"]
[WhiteElo "2387"]
[BlackElo "2635"]

1.d4 Nf6 2.c4 g6 3.Nc3 Bg7 4.e4 d6 5.Be2 O-O 6.Nf3 Nbd7 7.O-O e5 8.Qc2 Qe7
9.Rd1 c6 10.Be3 Ng4 11.Bg5 f6 12.Bc1 Nh6 13.dxe5 dxe5 14.h3 f5 15.a3 f4 16.b4 Nf7
17.c5 Nf6 18.Bc4 Be6 19.Qb3 Bxc4 20.Qxc4 Kh8 21.Bb2 g5 22.Rd2 Rad8 23.Rad1 Rxd2
24.Rxd2 Rc8 25.Ne2 Ng8 26.Nc1 h5 27.Qe2  1/2-1/2

[Event "TCh-NED Meesterklasse 2011-12"]
[Site "Netherlands NED"]
[Date "2012.04.22"]
[Round "9.7"]
[White "Zwirs,Nico"]
[Black "Wiersma,E"]
[Result "0-1"]
[WhiteElo "2176"]
[BlackElo "2391"]

1.d4 Nf6 2.c4 g6 3.Nc3 Bg7 4.e4 d6 5.Nf3 O-O 6.Be2 e5 7.O-O exd4 8.Nxd4 Re8
9.f3 c6 10.Kh1 Nbd7 11.Bg5 Qb6 12.Nb3 a5 13.Qc2 a4 14.Nd2 a3 15.b3 Qa5 16.Bh4 Ng4
17.Rfc1 g5 18.Bg3 Nge5 19.Rab1 Nf6 20.b4 Qd8 21.Rd1 Nh5 22.Nf1 Qe7 23.Qd2 Be6
24.Ne3 Qf6 25.Rbc1 Nf4 26.Bf1 h5 27.Ne2 h4 28.Bxf4 gxf4 29.Nf5 Bxf5 30.exf5 Rad8
31.Nxf4 Qxf5 32.Nh3 d5 33.cxd5 Rxd5 34.Qf2 Nd3 35.Bxd3 Rxd3 36.Re1 Rxe1+
37.Rxe1 Bf6 38.Qe2 Qe6 39.Qf1 Re3 40.Rd1 Qxa2 41.Nf2 Qe6 42.Ng4 a2 43.Nxe3 Qxe3
44.g3 h3 45.g4 a1=Q 46.Rxa1 Bxa1 47.Qxa1 Qxf3+ 48.Kg1 Qg2+  0-1

[Event "IV ch-IberoAmerican Final GpB"]
[Site "Quito ECU"]
[Date "2012.04.22"]
[Round "5.1"]
[White "Gonzalez,Be CRC"]
[Black "Matamoros Franco,C"]
[Result "0-1"]
[WhiteElo "2427"]
[BlackElo "2548"]

1.d4 Nf6 2.c4 g6 3.Nc3 Bg7 4.e4 d6 5.Be2 O-O 6.Nf3 e5 7.d5 Na6 8.Bg5 h6 9.Bh4 g5
10.Bg3 Nxe4 11.Nxe4 f5 12.Nfd2 fxe4 13.Nxe4 Bf5 14.Bd3 g4 15.O-O h5 16.f3 Bxe4
17.Bxe4 Nc5 18.Qe2 Nxe4 19.fxe4 Qg5 20.Rxf8+ Rxf8 21.Rf1 Rxf1+ 22.Kxf1 Qc1+
23.Be1 Bh6 24.h3 Bf4 25.hxg4 h4 26.b3 Qb1 27.c5 Bg3 28.b4 Kg7 29.a4 b6 30.cxd6 cxd6
31.b5 Kg6  0-1

[Event "3rd LUC Open"]
[Site "Lille FRA"]
[Date "2012.04.23"]
[Round "1.3"]
[White "Arjun,B"]
[Black "Zhigalko,A"]
[Result "1-0"]
[WhiteElo "2210"]
[BlackElo "2590"]

1.Nf3 Nf6 2.c4 g6 3.Nc3 Bg7 4.e4 d6 5.d4 O-O 6.Be2 Na6 7.O-O e5 8.Be3 Ng4
9.Bg5 Qe8 10.Re1 exd4 11.Nd5 f6 12.Bf4 d3 13.Qxd3 Ne5 14.Qc2 Qf7 15.Bxe5 dxe5
16.c5 c6 17.Ne3 Nc7 18.Nc4 Ne8 19.Qa4 Be6 20.Nb6 axb6 21.Qxa8 bxc5 22.Qa3 Nd6
23.Bd1 b6 24.Bb3 Bxb3 25.Qxb3 Rb8 26.Qc2 Bf8 27.a4 c4 28.Nd2 Rd8 29.b3 cxb3
30.Nxb3 c5 31.Red1 c4 32.Nc1 Rc8 33.Ne2 Nb7 34.Nc3 Bc5 35.Nb5 f5 36.exf5 gxf5
37.Qd2 Bf8 38.Rac1 Nc5 39.Nd6 Bxd6 40.Qxd6 Nxa4 41.Qxe5 h6 42.Qb5 Qe8 43.Qxf5 b5
44.Rd7  1-0

[Event "ch-SRB 2012"]
[Site "Vrnjacka Banja SRB"]
[Date "2012.04.23"]
[Round "1"]
[White "Indjic,A"]
[Black "Markovic,Miros1"]
[Result "1-0"]
[WhiteElo "2430"]
[BlackElo "2480"]

1.d4 d6 2.c4 g6 3.Nc3 Bg7 4.e4 Nf6 5.Nf3 O-O 6.Be2 e5 7.d5 a5 8.Bg5 h6 9.Bh4 h5
10.Bg5 Qe8 11.Nd2 Nh7 12.Be3 f5 13.f3 h4 14.c5 h3 15.g3 f4 16.Bf2 fxg3 17.hxg3 dxc5
18.Bxc5 Na6 19.Bxf8 Bxf8 20.O-O Bd7 21.a4 Qe7 22.Kh2 Nf6 23.Nc4 Nh5 24.f4 exf4
25.gxf4 Nxf4 26.Rxf4 Bh6 27.Rf2 Nc5 28.Qg1 Kg7 29.Raf1 Be8 30.e5 b5 31.axb5 a4
32.Rf6 Nd7 33.Re6 Qb4 34.d6  1-0

[Event "Russian Junior Girls 2012"]
[Site "Sochi RUS"]
[Date "2012.04.24"]
[Round "7"]
[White "Goryachkina,A"]
[Black "Rjanova,V"]
[Result "1/2-1/2"]
[WhiteElo "2341"]
[BlackElo "2222"]

1.d4 Nf6 2.c4 g6 3.Nc3 Bg7 4.e4 O-O 5.Nf3 d6 6.Be2 e5 7.Be3 Ng4 8.Bg5 f6
9.Bh4 g5 10.Bg3 Nh6 11.d5 Nd7 12.Nd2 f5 13.exf5 Nf6 14.Nde4 Nxe4 15.Nxe4 Nxf5
16.Bg4 b5 17.cxb5 a6 18.b6 cxb6 19.Rc1 Nd4 20.Bxc8 Rxc8 21.Rc3 Nb5 22.Rxc8 Qxc8
23.O-O Qc4 24.Nxg5 Nd4 25.Qb1 Rf5 26.Ne6 Qxd5 27.Nxd4 exd4 28.Qd3 b5 29.a3 Rf8
30.Rc1 Re8 31.h3 Qe4 32.Qb3+ d5 33.Kh2 Kh8 34.Rc5 Rd8 35.Bc7 Rd7 36.Qg3 h6
37.f3 Qe6 38.Bf4 d3 39.Rc1 Bxb2 40.Re1 Qg8 41.Be5+ Bxe5 42.Qxe5+ Qg7 43.Qe3 Re7
44.Qd2 Rxe1 45.Qxe1 Qc7+ 46.Kh1 d4  1/2-1/2

[Event "3rd LUC Open"]
[Site "Lille FRA"]
[Date "2012.04.25"]
[Round "3.18"]
[White "Di Cosmo,J"]
[Black "Bergez,L"]
[Result "0-1"]
[WhiteElo "2062"]
[BlackElo "2428"]

1.d4 Nf6 2.c4 g6 3.Nc3 Bg7 4.e4 O-O 5.Nf3 d6 6.Be2 e5 7.O-O exd4 8.Nxd4 Re8
9.f3 c6 10.Kh1 Nbd7 11.Bg5 Qb6 12.Nb3 a5 13.a4 Ne5 14.Qc2 Be6 15.Nd2 Qc5
16.Qb3 Nfd7 17.Bh4 Qb4 18.Qxb4 axb4 19.Nd1 Nb6 20.Ne3 Nxa4 21.f4 Nd7 22.f5 Bxf5
23.exf5 Rxe3 24.Bd1 Nab6 25.Rxa8+ Nxa8 26.Bg5 Re8  0-1

[Event "3rd LUC Open"]
[Site "Lille FRA"]
[Date "2012.04.26"]
[Round "5.18"]
[White "Loiseau,Q"]
[Black "Roger,M"]
[Result "1-0"]
[WhiteElo "2273"]
[BlackElo "2094"]

1.d4 Nf6 2.Nf3 g6 3.c4 Bg7 4.Nc3 O-O 5.e4 d6 6.Be2 e5 7.Be3 Ng4 8.Bg5 f6
9.Bh4 Nc6 10.d5 Ne7 11.Nd2 Nh6 12.f3 g5 13.Bf2 f5 14.c5 Ng6 15.cxd6 cxd6
16.g3 g4 17.exf5 gxf3 18.Bxf3 Nxf5 19.O-O Nd4 20.Bg2 Nh8 21.Nde4 a6 22.Kh1 Bf5
23.Be3 Qd7 24.Qd2 Bg4 25.Rxf8+ Rxf8 26.Rf1 Rxf1+ 27.Bxf1 Nf7 28.Bg2 Qf5 29.Qf2 Qxf2
30.Bxf2 Kf8 31.h3 Bd7 32.Be3 Ke7 33.g4 h6 34.Kh2 b5 35.Bf1 Bf6 36.Kg3 Bg5
37.Nxg5 hxg5 38.Ne4  1-0

[Event "Historical Melaka Op"]
[Site "Melaka MAS"]
[Date "2012.04.26"]
[Round "5"]
[White "Tan,Li Ting"]
[Black "Suharto,Moh Wahyu Repelita"]
[Result "0-1"]
[WhiteElo "1844"]
[BlackElo "2066"]

1.d4 Nf6 2.c4 g6 3.Nc3 Bg7 4.e4 d6 5.Nf3 O-O 6.Be2 e5 7.dxe5 dxe5 8.Qxd8 Rxd8
9.Bg5 Re8 10.Nd5 Nxd5 11.cxd5 c6 12.Bc4 Nd7 13.dxc6 bxc6 14.Be3 Nb6 15.Bb3 Ba6
16.O-O-O c5 17.Bc2 Rac8 18.Kb1 Nc4 19.Bc1 Red8 20.Rhe1 h6 21.h3 Nd6 22.Be3 Bb7
23.Nd2 Nb5 24.Nc4 Nd4 25.Bd3 Rc7 26.Rd2 Rcd7 27.Red1 f5 28.f3 fxe4 29.fxe4 Rf8
30.Kc1 Kf7 31.Rf1+ Ke6 32.Rfd1 Rc7 33.b3 Ke7 34.Bb1 Bc8 35.Bd3 g5 36.Rh1 Be6
37.Kb2 Ra8 38.Rc1 a5 39.Nb6 Rb8 40.Bxd4 exd4 41.Nd5+ Bxd5 42.exd5 Kd6 43.Bc4 Rf7
44.Re1 Be5 45.Kc2 a4 46.Kd3 axb3 47.axb3 Rfb7 48.Rde2 Rxb3+ 49.Bxb3 Rxb3+
50.Kd2 Bf4+ 51.Kd1 d3 52.Re6+ Kxd5  0-1

[Event "Russian Junior Girls 2012"]
[Site "Sochi RUS"]
[Date "2012.04.26"]
[Round "9"]
[White "Goryachkina,A"]
[Black "Savina,A"]
[Result "1/2-1/2"]
[WhiteElo "2341"]
[BlackElo "2325"]

1.d4 Nf6 2.c4 g6 3.Nc3 Bg7 4.e4 d6 5.Nf3 O-O 6.Be2 e5 7.Be3 exd4 8.Nxd4 Re8
9.f3 c6 10.Bf2 d5 11.exd5 cxd5 12.O-O Nc6 13.c5 Nh5 14.Qd2 Be5 15.g3 Ng7
16.Rfd1 Be6 17.Nxe6 Nxe6 18.Qxd5 Bxc3 19.bxc3 Qf6 20.Qd2 Ng5 21.Kg2 Rad8
22.Qc2 Rxd1 23.Rxd1 Qe6 24.Re1 Ne5 25.Qd1 Qh3+ 26.Kg1 Qf5 27.Kg2 Qh3+ 28.Kg1 Qf5
29.Kg2  1/2-1/2

[Event "3rd LUC Open"]
[Site "Lille FRA"]
[Date "2012.04.27"]
[Round "6.8"]
[White "Demuth,A"]
[Black "Vassallo Barroche,M"]
[Result "1/2-1/2"]
[WhiteElo "2417"]
[BlackElo "2421"]

1.d4 d6 2.Nf3 g6 3.c4 Bg7 4.Nc3 Nf6 5.e4 O-O 6.Be2 e5 7.dxe5 dxe5 8.Qxd8 Rxd8
9.Nd5 Nxd5 10.cxd5 c6 11.Bc4 cxd5 12.Bxd5 h6 13.Be3 Nd7 14.O-O-O Re8 15.Bb3 a6
16.Rd6 Nf8 17.Bd5 Rb8 18.Ba7 Ra8 19.Be3 Rb8 20.Rb6 Re7 21.Rd1 Be6 22.Rd3 Bxd5
23.Rxd5 Rc8+ 24.Kd2 Ne6 25.g3 f6 26.h4 h5 27.Rbd6 Kf7 28.Rd7 Bf8 29.Ne1 Ke8
30.Rxe7+ Bxe7 31.a3 Nc7 32.Rd3 Nb5 33.f3 Nd6 34.Rc3 Nc4+ 35.Ke2 Kd7 36.Bc1 b5
37.Nd3 Bd6 38.Bh6 Be7 39.Bc1 Bd6 40.Bh6  1/2-1/2

[Event "TCh-AUT 2 Mitte 2011-12"]
[Site "Fuerstenfeld AUT"]
[Date "2012.04.28"]
[Round "10"]
[White "Titz,Hei"]
[Black "Hatzl,S"]
[Result "1/2-1/2"]
[WhiteElo "2202"]
[BlackElo "2162"]

1.c4 g6 2.e4 d6 3.d4 Nf6 4.Nc3 Bg7 5.Nf3 O-O 6.Be2 e5 7.d5 Nbd7 8.Bg5 a5
9.O-O Nc5 10.Nd2 h6 11.Be3 b6 12.a3 Ne8 13.b4 Nd7 14.c5 f5 15.f3 bxc5 16.bxc5 Nxc5
17.Bxc5 dxc5 18.Na4 Nd6 19.Rc1 h5 20.Nxc5 Qg5 21.Rc3 Bh6 22.Nc4 Qe7 23.Nxd6 cxd6
24.Ne6 Bxe6 25.dxe6 Rac8 26.Qc2 Rxc3 27.Qxc3 fxe4 28.fxe4 Qa7+ 29.Kh1 Rxf1+
30.Bxf1 Qf2 31.Qf3 Qxf3 32.gxf3 Kf8 33.a4 Ke7 34.Bc4 Kf6 35.Kg2 Be3 36.h4 Ke7
37.Bd5 Kf6 38.Bc4  1/2-1/2

[Event "3rd LUC Open"]
[Site "Lille FRA"]
[Date "2012.04.28"]
[Round "8.4"]
[White "Handke,F"]
[Black "Maze,S"]
[Result "1/2-1/2"]
[WhiteElo "2525"]
[BlackElo "2577"]

1.d4 Nf6 2.c4 g6 3.Nc3 Bg7 4.e4 d6 5.Nf3 O-O 6.Be2 Na6 7.O-O e5 8.Be3 c6
9.dxe5 dxe5 10.Qxd8 Rxd8 11.h3 Nh5 12.Rfd1 Re8 13.a3 Nf4 14.Bf1 Ne6 15.b4 f5
16.c5 f4 17.Bc1 Nd4 18.Bc4+ Be6 19.Bxe6+ Rxe6 20.Bb2 b6 21.cxb6 axb6 22.Kf1 Nb8
23.b5 cxb5 24.Nd5 Ra4 25.Nc7 Re7 26.Nxb5 Nbc6 27.Nc3 Ra6 28.Nd5 Rf7 29.Rac1 h6
30.Nxd4 Nxd4 31.Rc8+ Kh7 32.Rdc1 f3 33.R1c7 fxg2+ 34.Kxg2 Ra7 35.Rxf7 Rxf7
36.Nxb6 Nf3 37.Nc4 Ne1+ 38.Kg1 Nd3 39.a4 Rxf2 40.Bxe5 Ra2 41.Bxg7 Kxg7 42.a5 Kf6  1/2-1/2

[Event "ch-SRB 2012"]
[Site "Vrnjacka Banja SRB"]
[Date "2012.04.28"]
[Round "6"]
[White "Milanovic,Da"]
[Black "Damljanovic,B"]
[Result "0-1"]
[WhiteElo "2520"]
[BlackElo "2582"]

1.d4 d6 2.Nf3 Nf6 3.c4 g6 4.Nc3 Bg7 5.e4 O-O 6.Be2 e5 7.O-O c6 8.d5 a5 9.Ne1 Na6
10.Be3 Bd7 11.dxc6 Bxc6 12.f3 Nc5 13.Rf2 b6 14.Bf1 Ne8 15.Rd2 f5 16.exf5 gxf5
17.Nc2 Qf6 18.Na3 Bh6 19.Bxh6 Qxh6 20.Nab5 Rd8 21.Qe2 Rd7 22.Rad1 Rf6 23.Nd5 Bxd5
24.Rxd5 Kf8 25.b3 Nc7 26.Nxc7 Rxc7 27.Qf2 Rc6 28.Rb1 Ne6 29.a3 Qg5 30.Kh1 Nc7
31.Rd2 h5 32.b4 axb4 33.axb4 h4 34.Re1 Qf4 35.Qe3 Qxe3 36.Rxe3 b5 37.cxb5 Rc1
38.Kg1 f4 39.Ra3 Nxb5 40.Ra8+ Ke7 41.Kf2 Nc3 42.Bd3 d5 43.Ra7+ Kf8 44.Rc2 Rxc2+
45.Bxc2 Rb6 46.Rc7 d4 47.Ke1 Rxb4 48.Rh7 Rb2 49.Bd3 Rxg2 50.Rxh4 Rg1+ 51.Kd2 Ke7
52.Rh8 Rd1+ 53.Kc2 Rh1 54.Kd2 Rd1+ 55.Kc2 Re1 56.h4 Re3 57.h5 Rxf3 58.h6 e4
59.Bxe4 Nxe4 60.h7 d3+ 61.Kb2 Rf2+ 62.Kb3 Rh2 63.Rc8 Rxh7 64.Rc7+ Ke6 65.Rxh7 f3
66.Rh1 Kd5  0-1

[Event "Norsk Sjakkfestival"]
[Site "Fagernes NOR"]
[Date "2012.04.29"]
[Round "2"]
[White "Del Rio de Angelis,S"]
[Black "Zasypkin,Alexe"]
[Result "1-0"]
[WhiteElo "2533"]
[BlackElo "2233"]

1.d4 Nf6 2.c4 g6 3.Nc3 Bg7 4.e4 O-O 5.Nf3 d6 6.Be2 e5 7.Be3 Nc6 8.d5 Ne7
9.Nd2 Nd7 10.O-O f5 11.f3 f4 12.Bf2 g5 13.b4 Rf6 14.c5 Rh6 15.cxd6 cxd6 16.Nb5 a6
17.Na7 Rxa7 18.Bxa7 Qe8 19.Re1 Nf6 20.Rc1 Rg6 21.Nc4 Nd7 22.Nb6 Nxb6 23.Bxb6 h5
24.Qc2 Bf8 25.Qc7 Qa4 26.Qd8 Qxb4 27.Bf2 g4 28.Bh4 Kf7 29.Bxe7 Bxe7 30.Qxc8 Rg8
31.Qe6+ Ke8  1-0

[Event "TCh-AUT 2 Mitte 2011-12"]
[Site "Fuerstenfeld AUT"]
[Date "2012.04.29"]
[Round "11"]
[White "Detter,P"]
[Black "Knoll,H"]
[Result "0-1"]
[WhiteElo "2100"]
[BlackElo "2364"]

1.d4 Nf6 2.c4 g6 3.Nc3 Bg7 4.e4 d6 5.Nf3 O-O 6.Be2 e5 7.dxe5 dxe5 8.Qxd8 Rxd8
9.Bg5 Na6 10.Nd5 Rd6 11.Nxf6+ Bxf6 12.Bxf6 Rxf6 13.O-O Bg4 14.h3 Bxf3 15.Bxf3 Rd8
16.Rfd1 Rfd6 17.Rxd6 Rxd6 18.Rd1 Rd4 19.Rxd4 exd4 20.Bd1 Nc5 21.f3 a5 22.Kf1 Kf8
23.Ke2 Ke7 24.b3 Kd6 25.a3 Ke5 26.g3 g5 27.b4 axb4 28.axb4 Na6 29.b5 Nc5
30.Kf2 Kd6 31.Bc2 h6 32.Ke2 Ne6 33.Kd3 f6 34.f4 gxf4 35.gxf4 Kc5 36.f5 Nf4+
37.Kd2 Kxc4 38.e5 fxe5 39.f6 Ne6 40.Be4 b6 41.Bc6 Kc5 42.Kd3 Kd6 43.Ke4 Ng5+
44.Kf5 d3  0-1